Storms : causes and effects

Bibliographic Details
Main Author: Steele, Philip
Format: Book
Published: London : Franklin Watts , 1991
Series:Weather watch
Subjects:

MARC

LEADER 00000cam a2200000 7i4500
001 0000005564
002 000006016
005 20060119.0
020 |a 0749604573 
090 0 0 |a 551.6   |b WEA 
100 1 |a Steele, Philip 
245 1 0 |a Storms :   |b causes and effects   |c Philip Steele 
260 |a London :   |b Franklin Watts ,   |c 1991 
300 |a 32p ;   |c 27 cm. 
490 0 |a Weather watch 
650 0 0 |a Storms   |x Juvenile literature 
999 |a 026871   |b BUKU   |c JUNIOR BOOKS   |e PERPUSTAKAAN KOMUNITI PETALING JAYA